[Event "POL-chT 57th"]
[Site "Glogow"]
[Date "2001.09.16"]
[Round "9"]
[White "Gritsak, Orest"]
[Black "Ivanov, Sergei"]
[Result "1/2-1/2"]
[WhiteElo "2499"]
[BlackElo "2556"]
[PlyCount "147"]
[EventDate "2001.09.08"]
[EventType "team-tourn"]
[EventRounds "9"]
[EventCountry "POL"]
[SourceTitle "EXT 2019"]
[Source "ChessBase"]
[SourceDate "2018.10.10"]
[SourceVersion "1"]
[SourceVersionDate "2018.10.10"]
[SourceQuality "1"]
[WhiteTeam "Lublin Drakon SKOK Chmielewskiego"]
[BlackTeam "Bielsko-Biala Porto Balbo"]
[WhiteTeamCountry "POL"]
[BlackTeamCountry "POL"]

1. Nf3 d5 2. d4 Nf6 3. c4 e6 4. Bg5 dxc4 5. Qa4+ Nbd7 6. Qxc4 a6 7. g3 c5 8. Bg2 b5 9. Qd3 Bb7 10. 0-0 cxd4 11. Qxd4 Bc5 12. Qh4 0-0 13. Nc3 h6 14. Bxf6 Nxf6 15. Rad1 Qc7 16. Nd4 Bxg2 17. Kxg2 b4 18. Ne4 Qb7 19. f3 Be7 20. Nxf6+ Bxf6 21. Qe4 Qxe4 22. fxe4 Rac8 23. Rd2 Rfd8 24. Rfd1 Rc4 25. e3 Bxd4 26. b3 Rc3 27. exd4 Re3 28. e5 Rc3 29. Kf2 Rd5 30. Ke2 h5 31. Rf1 g5 32. Rf3 Rc1 33. Rf1 Rc3 34. Rf3 Rc7 35. Ke3 Kg7 36. Rff2 Rc3+ 37. Ke4 Rc1 38. Rc2 Re1+ 39. Rfe2 Rd1 40. Red2 Re1+ 41. Re2 Ra1 42. Rf2 Rd7 43. Rfd2 Kg6 44. Rf2 g4 45. Rfd2 a5 46. Rc5 Rd5 47. Rxd5 Re1+ 48. Kd3 exd5 49. Rf2 Rh1 50. Ke3 Kg7 51. Kf4 Rd1 52. Kg5 Rxd4 53. Kxh5 Re4 54. Kg5 Rxe5+ 55. Kxg4 Kg6 56. h4 f5+ 57. Kf3 d4 58. Re2 Rd5 59. g4 fxg4+ 60. Kxg4 Kf6 61. Kf4 Rh5 62. Rh2 Re5 63. h5 d3 64. h6 Re2 65. Rh3 d2 66. h7 Re8 67. Rd3 Rh8 68. Rxd2 Rxh7 69. Rd6+ Ke7 70. Rd5 a4 71. bxa4 Rh2 72. Rb5 Kd6 73. Ke4 Rxa2 74. Rxb4 1/2-1/2

[Event "POL-chT 57th"]
[Site "Glogow"]
[Date "2001.09.11"]
[Round "4"]
[White "Kempinski, Robert"]
[Black "Ivanov, Sergei"]
[Result "1/2-1/2"]
[WhiteElo "2595"]
[BlackElo "2556"]
[PlyCount "96"]
[EventDate "2001.09.08"]
[EventType "team-tourn"]
[EventRounds "9"]
[EventCountry "POL"]
[SourceTitle "EXT 2019"]
[Source "ChessBase"]
[SourceDate "2018.10.10"]
[SourceVersion "1"]
[SourceVersionDate "2018.10.10"]
[SourceQuality "1"]
[WhiteTeam "Lomza Devo Maraton"]
[BlackTeam "Bielsko-Biala Porto Balbo"]
[WhiteTeamCountry "POL"]
[BlackTeamCountry "POL"]

1. d4 d5 2. c4 c6 3. Nc3 Nf6 4. e3 e6 5. Nf3 Nbd7 6. Qc2 Bd6 7. Be2 0-0 8. 0-0 Re8 9. Rd1 Qe7 10. e4 dxe4 11. Nxe4 Nxe4 12. Qxe4 e5 13. Bg5 Qf8 14. Bd3 f5 15. Qh4 e4 16. c5 Bc7 17. Bc4+ Kh8 18. Nd2 Nf6 19. Bxf6 Qxf6 20. Qxf6 gxf6 21. d5 Be5 22. Rab1 a5 23. g3 Rd8 24. dxc6 bxc6 25. Nb3 Bd7 26. Nd4 f4 27. Ne6 Bxe6 28. Bxe6 e3 29. gxf4 Bxf4 30. fxe3 Bxe3+ 31. Kg2 Bxc5 32. Rbc1 Rxd1 33. Rxd1 Re8 34. Bg4 Kg7 35. Bf3 f5 36. Rd7+ Kg6 37. Rc7 Kg5 38. Rxc6 Bd4 39. Rc4 Rd8 40. b4 axb4 41. Rxb4 Kf4 42. Bb7 Rg8+ 43. Kh3 Ke3 44. Rb3+ Ke2 45. a4 Rg6 46. Rf3 Rh6+ 47. Kg2 Rg6+ 48. Kh3 Rh6+ 1/2-1/2

[Event "URS-chT Republics 19th Group1"]
[Site "Azov"]
[Date "1991.??.??"]
[Round "2"]
[White "Ivanov, Sergei"]
[Black "Dzyuban, Oleg"]
[Result "1/2-1/2"]
[WhiteElo "2440"]
[BlackElo "2440"]
[PlyCount "112"]
[EventDate "1991.??.??"]
[EventType "team-tourn"]
[EventRounds "5"]
[EventCountry "URS"]
[SourceTitle "EXT 2020"]
[Source "ChessBase"]
[SourceDate "2019.10.17"]
[SourceVersion "1"]
[SourceVersionDate "2019.10.17"]
[SourceQuality "1"]
[WhiteTeam "Leningrad"]
[BlackTeam "Kazakhstan"]
[WhiteTeamCountry "RUS"]
[BlackTeamCountry "KAZ"]

1. d4 Nf6 2. c4 e6 3. Nc3 Bb4 4. Qc2 c5 5. dxc5 Na6 6. a3 Bxc5 7. Nf3 d5 8. e3 0-0 9. b4 Be7 10. Bb2 Nc7 11. Rd1 Qe8 12. cxd5 exd5 13. Be2 Bd7 14. 0-0 a5 15. b5 Nxb5 16. Nxd5 Nxd5 17. Rxd5 Bc6 18. Rh5 f5 19. Rxf5 Rxf5 20. Qxf5 Qg6 21. Bc4+ Kh8 22. Qxg6 hxg6 23. Ne5 Bxa3 24. Nxc6 Bxb2 25. Bxb5 bxc6 26. Bxc6 Rc8 27. Bd7 Rc4 28. g3 a4 29. Rd1 a3 30. Be6 Rc1 31. Rxc1 Bxc1 32. h4 Kh7 33. e4 g5 34. hxg5 Bxg5 35. f4 Bd8 36. Kf2 g6 37. Kf3 Kg7 38. e5 Ba5 39. g4 Bd8 40. Bc4 Bh4 41. f5 gxf5 42. gxf5 Be1 43. Ke4 Kf8 44. Kd5 Bc3 45. f6 Ke8 46. Ke6 Kf8 47. Kf5 Ke8 48. e6 Bb4 49. Kg5 Kf8 50. Kf4 Ke8 51. Ke4 Kd8 52. Bb3 Ke8 53. Kd4 Kd8 54. Kd5 a2 55. Bxa2 Bc3 56. e7+ Kd7 1/2-1/2

[Event "URS-chT Republics 19th final B"]
[Site "Azov"]
[Date "1991.??.??"]
[Round "?"]
[White "Kudriashov, Anatoli"]
[Black "Ivanov, Sergei"]
[Result "1-0"]
[WhiteElo "2370"]
[BlackElo "2360"]
[PlyCount "73"]
[EventDate "1991.??.??"]
[EventType "team-tourn"]
[EventRounds "4"]
[EventCountry "URS"]
[SourceTitle "EXT 2020"]
[Source "ChessBase"]
[SourceDate "2019.10.17"]
[SourceVersion "1"]
[SourceVersionDate "2019.10.17"]
[SourceQuality "1"]
[WhiteTeam "Turkmenistan"]
[BlackTeam "Leningrad"]
[WhiteTeamCountry "TKM"]
[BlackTeamCountry "RUS"]

1. e4 e6 2. d4 d5 3. Nc3 Bb4 4. e5 c5 5. a3 Bxc3+ 6. bxc3 Ne7 7. Nf3 Qc7 8. Be2 b6 9. 0-0 Ba6 10. Bxa6 Nxa6 11. Qe2 Nb8 12. a4 0-0 13. dxc5 bxc5 14. h4 Nd7 15. h5 h6 16. Re1 Nb6 17. Nh4 Nc4 18. g4 f6 19. exf6 Rxf6 20. g5 hxg5 21. Bxg5 Raf8 22. Bxf6 Rxf6 23. Qg4 e5 24. Qg5 e4 25. Ng6 Nxg6 26. Qxd5+ Kh8 27. hxg6 Rxg6+ 28. Kf1 Qh2 29. Ke2 Rf6 30. Qa8+ Kh7 31. Qxe4+ Kh8 32. Qa8+ Kh7 33. Rh1 Rxf2+ 34. Kd3 Ne5+ 35. Ke4 Re2+ 36. Kd5 Rd2+ 37. Ke6 1-0

[Event "POL-chT 46th play-off"]
[Site "Bydgoszcz"]
[Date "1990.09.22"]
[Round "1"]
[White "Staniszewski, Piotr"]
[Black "Ivanov, Sergei"]
[Result "1/2-1/2"]
[WhiteElo "2400"]
[BlackElo "2460"]
[PlyCount "87"]
[EventDate "1990.09.22"]
[EventType "team-k.o."]
[EventRounds "3"]
[EventCountry "POL"]
[SourceTitle "EXT 2019"]
[Source "ChessBase"]
[SourceDate "2018.10.10"]
[SourceVersion "1"]
[SourceVersionDate "2018.10.10"]
[SourceQuality "1"]
[WhiteTeam "Warszawa Maraton"]
[BlackTeam "Bielsko-Biala Wlokniarz"]
[WhiteTeamCountry "POL"]
[BlackTeamCountry "POL"]

1. d4 d5 2. c4 e6 3. Nc3 c6 4. e3 Nf6 5. Nf3 Nbd7 6. Bd3 dxc4 7. Bxc4 b5 8. Bd3 a6 9. e4 c5 10. e5 cxd4 11. Nxb5 axb5 12. exf6 Bb7 13. fxg7 Bxg7 14. 0-0 0-0 15. Re1 Qc7 16. Bxb5 Nc5 17. a4 e5 18. Ra3 Rad8 19. Nh4 f5 20. Qh5 Qf7 21. Qxf7+ Rxf7 22. Bc4 Bd5 23. Bxd5 Rxd5 24. b4 Ne6 25. a5 e4 26. g4 d3 27. Nxf5 d2 28. Bxd2 Rxd2 29. Rxe4 Nc7 30. a6 Bf8 31. a7 Rd8 32. Ra5 Ra8 33. Ree5 Bxb4 34. Nh6+ Kg7 35. Nxf7 Bxa5 36. Rxa5 Kxf7 37. Kg2 Ne6 38. h4 Nd4 39. Ra6 Nb5 40. Ra5 Nd6 41. g5 Nc8 42. h5 Rxa7 43. Rxa7+ Nxa7 44. g6+ 1/2-1/2

[Event "POL-chT 46th prel"]
[Site "Bydgoszcz"]
[Date "1990.09.21"]
[Round "6"]
[White "Ivanov, Sergei"]
[Black "Seifert, Henryk"]
[Result "1/2-1/2"]
[WhiteElo "2460"]
[BlackElo "2320"]
[PlyCount "48"]
[EventDate "1990.09.16"]
[EventType "team-swiss"]
[EventRounds "6"]
[EventCountry "POL"]
[SourceTitle "EXT 2019"]
[Source "ChessBase"]
[SourceDate "2018.10.10"]
[SourceVersion "1"]
[SourceVersionDate "2018.10.10"]
[SourceQuality "1"]
[WhiteTeam "Bielsko-Biala Wlokniarz"]
[BlackTeam "Krakow KKSz-Hutnik"]
[WhiteTeamCountry "POL"]
[BlackTeamCountry "POL"]

1. c4 c5 2. Nf3 Nf6 3. d4 cxd4 4. Nxd4 Nc6 5. Nc3 e6 6. g3 d5 7. Bg2 Bc5 8. Nb3 Bb4 9. 0-0 dxc4 10. Nd2 Nd5 11. Nxc4 Nxc3 12. bxc3 Bc5 13. Bf4 0-0 14. Rb1 Qe7 15. Bd6 Bxd6 16. Qxd6 Qf6 17. Qc7 Qxc3 18. Rfc1 Qd4 19. Nd6 Qd2 20. Nxc8 Raxc8 21. Qxb7 Ne7 22. Rd1 Qg5 23. Qxa7 g6 24. a4 Nd5 1/2-1/2